Tennis : Les meilleurs joueurs de tennis par pays. - Statistiques

Statistiques générales
  • Ce quiz a été pris 81 fois
    64 depuis la dernière actualisation
  • Le résultat moyen est 17 sur 27
Statistiques - réponses
Pays Années de carrière Joueurs % Correct
Espagne 2001-2024 Rafael Nadal
98%
Suisse 1998-2022 Roger Federer
98%
France 1978-1996 Yannick Noah
98%
Royaume-Uni 2005-2024 Andy Murray
97%
Espagne 2018- Carlos Alcaraz
97%
Suisse 2002- Stan Wawrinka
91%
Allemagne 2013- Alexander Zverev
90%
Russie 2014- Daniil Medvedev
88%
France 2004-2002 Jo-Wilfried Tsonga
83%
Etats-Unis 1977-1992 John McEnroe
74%
Etats-Unis 1988-2002 Pete Sampras
71%
Suède 1973-1984/1991-1993 Bjorn Borg
67%
Royaume-Uni 2018- Jack Draper
66%
Allemagne 1984-1999 Boris Becker
64%
Russie 1997-2009 Marat Safin
60%
Etats-Unis 1970-1995 Jimmy Connors
57%
Australie 1963-1979 Rod Laver
55%
Suède 1981-1996 Mats Wilander
50%
Suède 1983-1996 Stefan Edberg
50%
France 1989-2002 Cédric Pioline
41%
Russie 1992-2003 Ievgueni Kafelnikov
40%
Australie 1968-1981 John Newcombe
29%
Royaume-Uni 1993-2007 Tim Henman
26%
Espagne 1988-2002 Sergi Bruguera
24%
Australie 1949-1980 Ken Rosewall
21%
Allemagne 1988-1997 Michael Stich
19%
Suisse 1983-1996 Jakob Hlasek
5%
Aucun quiz correspondant
Distribution des résultats
% des personnes avec chaque résultat
Percentile par nombre de réponses
Votre historique - résultats
Vous n’avez pas pris ce quiz depuis la dernière actualisation